000 00575nam a2200241Ia 4500
003 OSt
005 20220924142528.0
006 a|||||r|||| 00| 0
007 ta
008 ASM
020 _a8185905983
024 _a302327
037 _cTextual
040 _aARTS
_cARTS
_bASM
041 _2ASM
_aASM
082 _aO158,3NRA,2, N4
100 _aRajkhowa N.
_9213576
245 0 _aBuri dikhor pare pare
260 _c1994
650 _aASSAMESE LITERATURE
_911738
942 _hO158,3NRA,2, N4
_cTEXL
_2CC
999 _c451049
_d451049